[Event "Hessen-ch qual-E"]
[Site "Erlensee"]
[Date "2007.04.08"]
[Round "5"]
[White "Nellesen, Sebastian"]
[Black "Unruh, Edwin"]
[Result "1-0"]
[WhiteElo "1387"]
[BlackElo "1386"]
[PlyCount "79"]
[EventDate "2007.04.06"]
[EventType "swiss"]
[EventRounds "5"]
[EventCountry "GER"]
[SourceTitle "CBM 117 Extra"]
[Source "ChessBase"]
[SourceDate "2007.05.09"]
[SourceVersion "1"]
[SourceVersionDate "2007.05.09"]
[SourceQuality "1"]

1. e4 e5 2. Nf3 Nc6 3. d4 exd4 4. Bc4 Nf6 5. 0-0 d5 6. exd5 Nxd5 7. Nxd4 Nde7 8. Nxc6 Qxd1 9. Rxd1 Nxc6 10. Nc3 Be7 11. Bf4 Bf5 12. Bb3 0-0 13. Bxc7 Rac8 14. Bd6 Rfe8 15. Bxe7 Rxe7 16. Re1 Rd7 17. Rad1 Rxd1 18. Rxd1 Nb4 19. Nd5 Nxd5 20. Rxd5 Be6 21. Rd2 Bxb3 22. axb3 f5 23. c3 Re8 24. Kf1 Kf7 25. c4 b6 26. Rd5 g6 27. b4 Re4 28. b3 Kf8 29. Rd7 Re7 30. Rxe7 Kxe7 31. f4 Ke6 32. Ke2 a6 33. Ke3 Kd6 34. Kd4 h6 35. h4 b5 36. c5+ Kc6 37. Ke5 h5 38. g3 a5 39. bxa5 Kxc5 40. Kf6 1-0

[Event "Moehnesee Cup-B"]
[Site "Moehnesee"]
[Date "2005.08.19"]
[Round "3"]
[White "Nellesen, Sebastian"]
[Black "Roehr, Hans Georg"]
[Result "0-1"]
[WhiteElo "1164"]
[BlackElo "1455"]
[PlyCount "104"]
[EventDate "2005.08.18"]
[EventType "swiss"]
[EventRounds "7"]
[EventCountry "GER"]
[SourceTitle "CBM 108 Extra"]
[Source "ChessBase"]
[SourceDate "2005.11.04"]
[SourceVersion "1"]
[SourceVersionDate "2005.11.04"]
[SourceQuality "1"]

1. e4 c5 2. Nf3 Nc6 3. d4 e6 4. d5 Nd4 5. Nxd4 cxd4 6. Qxd4 exd5 7. exd5 b6 8. Bc4 Bc5 9. Qxg7 Qf6 10. Qxf6 Nxf6 11. 0-0 0-0 12. Nc3 Bb7 13. Bh6 Rfe8 14. Nb5 Re4 15. Bb3 Ng4 16. Nc3 Re5 17. Bf4 Rf5 18. Bg3 Ba6 19. Rfd1 Nxf2 20. Bxf2 Rxf2 21. Kh1 Rf4 22. Re1 Bd4 23. Re7 d6 24. Rd7 Bxc3 25. bxc3 Rf6 26. Re1 Kf8 27. h3 Bb5 28. Rc7 a5 29. c4 Be8 30. a4 Rb8 31. Re4 h5 32. g4 hxg4 33. Rxg4 Rh6 34. h4 f5 35. Rf4 Rf6 36. Kg2 Bf7 37. c3 Re8 38. Rb7 Re4 39. Rf3 Rxh4 40. Rxb6 Bh5 41. Re3 f4 42. Rb8+ Kg7 43. Re7+ Bf7 44. Bd1 Kg6 45. Rb5 Kg5 46. Rxa5 Bh5 47. Bxh5 Rxh5 48. Rg7+ Kh6 49. Raa7 f3+ 50. Kf2 Rh2+ 51. Kf1 Rc2 52. Rh7+ Kg5 0-1